000
00283 a2200097 4500
000
nam a22 7a 4500
020
_a
9781472450777
100
_a
Bluff, Elizabeth
245
_a
Safe design and construction of machinery : regulation, practice and performance
260
_b
Ashgate,
_c
2015
999
_c
85595
_d
85595